000
00319nam a22001337a 4500
008
170809b xxu||||| |||| 00| 0 eng d
020
_a
0139366679
041
_a
eng
080
_a
004
100
_a
35
101
_a
SHKI
245
_a
UNDERSTANDING AND USING PROGRAMMABLE CONTROLLERS
_c
KISSELL, TH.E
942
_2
udc
_c
BK
999
_c
23028
_d
23028